000 00253nam a2200097Ia 4500
001 766070
005 20250826165334.0
008 250824s9999 xx 000 0 und d
245 0 _aSIRADIŞI BİR ÖDÜL TÖRENİ
_cMUSTAFA KUTLU
260 _bDERGAH YAYINLARI
999 _c766070
_d766070